[Event "FIDE World Cup 2025"]
[Site "Goa, India"]
[Date "2025.11.01"]
[Round "1.37"]
[White "Velten, Paul"]
[Black "Kovalev, Vladislav"]
[Result "0-1"]
[TimeControl ": 90 minutes for the first 40 moves, followed by 30 minutes for the rest of the gamewith an increment of 30 seconds per move starting from move 1"]
[WhiteFideId "681091"]
[BlackFideId "13504398"]
[WhiteElo "2530"]
[BlackElo "2557"]

1. d4 {[%clk 01:30:47]} {[%emt 00:00:11]} Nf6 {[%clk 01:30:46]} {[%emt
00:00:14]} 2. c4 {[%clk 01:30:35]} {[%emt 00:00:42]} e6 {[%clk 01:30:59]}
{[%emt 00:00:18]} 3. Nf3 {[%clk 01:30:15]} {[%emt 00:00:49]} d5 {[%clk
01:31:04]} {[%emt 00:00:25]} 4. Nc3 {[%clk 01:29:18]} {[%emt 00:01:27]} c6
{[%clk 01:31:18]} {[%emt 00:00:16]} 5. Bg5 {[%clk 01:27:58]} {[%emt 00:01:49]}
h6 {[%clk 01:29:51]} {[%emt 00:01:58]} 6. Bh4 {[%clk 01:27:19]} {[%emt
00:01:09]} dxc4 {[%clk 01:28:58]} {[%emt 00:01:25]} 7. e4 {[%clk 01:25:52]}
{[%emt 00:01:56]} g5 {[%clk 01:28:51]} {[%emt 00:00:37]} 8. Bg3 {[%clk
01:26:14]} {[%emt 00:00:07]} b5 {[%clk 01:29:12]} {[%emt 00:00:09]} 9. Be2
{[%clk 01:22:35]} {[%emt 00:04:08]} Bb7 {[%clk 01:27:53]} {[%emt 00:01:51]} 10.
h4 {[%clk 01:21:27]} {[%emt 00:01:37]} g4 {[%clk 01:27:33]} {[%emt 00:00:50]}
11. Ne5 {[%clk 01:21:16]} {[%emt 00:00:41]} Nbd7 {[%clk 01:27:10]} {[%emt
00:00:53]} 12. Nxd7 {[%clk 01:20:37]} {[%emt 00:01:09]} Qxd7 {[%clk 01:25:09]}
{[%emt 00:02:32]} 13. Be5 {[%clk 01:19:54]} {[%emt 00:01:13]} Be7 {[%clk
01:24:03]} {[%emt 00:01:36]} 14. Bxg4 {[%clk 01:16:35]} {[%emt 00:03:48]} Rg8
{[%clk 01:21:16]} {[%emt 00:03:18]} 15. Bf3 {[%clk 00:51:24]} {[%emt 00:25:40]}
h5 {[%clk 01:06:14]} {[%emt 00:15:32]} 16. Qe2 {[%clk 00:45:16]} {[%emt
00:06:39]} Ng4 {[%clk 01:04:59]} {[%emt 00:01:45]} 17. Bxg4 {[%clk 00:45:18]}
{[%emt 00:00:27]} Rxg4 {[%clk 01:05:12]} {[%emt 00:00:17]} 18. f3 {[%clk
00:43:23]} {[%emt 00:02:25]} Rg8 {[%clk 00:54:32]} {[%emt 00:11:11]} 19. O-O-O
{[%clk 00:42:43]} {[%emt 00:01:09]} a5 {[%clk 00:50:03]} {[%emt 00:04:59]} 20.
g4 {[%clk 00:39:07]} {[%emt 00:04:06]} hxg4 {[%clk 00:46:40]} {[%emt 00:03:53]}
21. fxg4 {[%clk 00:37:59]} {[%emt 00:01:38]} a4 {[%clk 00:37:34]} {[%emt
00:09:37]} 22. a3 {[%clk 00:30:01]} {[%emt 00:08:27]} f6 {[%clk 00:30:22]}
{[%emt 00:07:42]} 23. g5 {[%clk 00:27:22]} {[%emt 00:03:09]} fxg5 {[%clk
00:28:17]} {[%emt 00:02:36]} 24. Qh5+ {[%clk 00:22:04]} {[%emt 00:05:47]} Kd8
{[%clk 00:28:43]} {[%emt 00:00:04]} 25. Rhf1 {[%clk 00:21:08]} {[%emt
00:01:26]} b4 {[%clk 00:27:42]} {[%emt 00:01:31]} 26. axb4 {[%clk 00:15:13]}
{[%emt 00:06:25]} a3 {[%clk 00:28:06]} {[%emt 00:00:07]} 27. d5 {[%clk
00:11:48]} {[%emt 00:03:55]} cxd5 {[%clk 00:23:23]} {[%emt 00:05:13]} 28. exd5
{[%clk 00:11:54]} {[%emt 00:00:24]} a2 {[%clk 00:22:23]} {[%emt 00:01:30]} 29.
d6 {[%clk 00:05:36]} {[%emt 00:06:47]} a1=Q+ {[%clk 00:16:00]} {[%emt
00:06:53]} 30. Kc2 {[%clk 00:05:56]} {[%emt 00:00:10]} Qxd1+ {[%clk 00:15:00]}
{[%emt 00:01:30]} 31. Rxd1 {[%clk 00:05:46]} {[%emt 00:00:39]} Bf8 {[%clk
00:14:49]} {[%emt 00:00:41]} 32. hxg5 {[%clk 00:04:55]} {[%emt 00:01:21]} Bd5
{[%clk 00:04:53]} {[%emt 00:10:26]} 33. Nxd5 {[%clk 00:02:46]} {[%emt
00:02:39]} exd5 {[%clk 00:05:01]} {[%emt 00:00:21]} 34. Bf6+ {[%clk 00:02:37]}
{[%emt 00:00:38]} Kc8 {[%clk 00:05:28]} {[%emt 00:00:04]} 35. Rxd5 {[%clk
00:02:58]} {[%emt 00:00:10]} Bxd6 {[%clk 00:04:33]} {[%emt 00:01:25]} 36. b5
{[%clk 00:02:19]} {[%emt 00:01:09]} Qe6 {[%clk 00:02:01]} {[%emt 00:03:01]} 37.
Qf3 {[%clk 00:02:44]} {[%emt 00:00:07]} Rb8 {[%clk 00:01:38]} {[%emt 00:00:52]}
38. Rd4 {[%clk 00:02:52]} {[%emt 00:00:22]} Bc7 {[%clk 00:01:36]} {[%emt
00:00:32]} 39. Re4 {[%clk 00:01:55]} {[%emt 00:01:27]} Qd7 {[%clk 00:01:09]}
{[%emt 00:00:57]} 40. Rd4 {[%clk 00:00:48]} {[%emt 00:01:37]} Qe6 {[%clk
00:00:34]} {[%emt 00:01:05]} 41. Re4 {[%clk 00:30:13]} {[%emt 00:01:05]} Qd7
{[%clk 00:29:47]} {[%emt 00:01:17]} 42. Rxc4 {[%clk 00:29:12]} {[%emt
00:01:31]} Qxb5 {[%clk 00:26:26]} {[%emt 00:03:51]} 43. Qf4 {[%clk 00:21:39]}
{[%emt 00:08:02]} Rb7 {[%clk 00:23:30]} {[%emt 00:03:26]} 44. Be5 {[%clk
00:21:15]} {[%emt 00:00:54]} Re8 {[%clk 00:16:15]} {[%emt 00:07:46]} 0-1

[Event "FIDE World Cup 2025"]
[Site "Goa, India"]
[Date "2025.11.01"]
[Round "1.38"]
[White "Bogner, Sebastian"]
[Black "Stremavicius, Titas"]
[Result "1/2-1/2"]
[TimeControl ": 90 minutes for the first 40 moves, followed by 30 minutes for the rest of the gamewith an increment of 30 seconds per move starting from move 1"]
[WhiteFideId "4692055"]
[BlackFideId "12804444"]
[WhiteElo "2555"]
[BlackElo "2531"]

1. d4 {[%clk 01:30:57]} {[%emt 00:00:02]} d5 {[%clk 01:30:34]} {[%emt
00:00:26]} 2. c4 {[%clk 01:31:18]} {[%emt 00:00:10]} e6 {[%clk 01:30:56]}
{[%emt 00:00:07]} 3. Nf3 {[%clk 01:31:43]} {[%emt 00:00:05]} Nf6 {[%clk
01:30:59]} {[%emt 00:00:26]} 4. Nc3 {[%clk 01:32:06]} {[%emt 00:00:08]} c5
{[%clk 01:29:27]} {[%emt 00:02:03]} 5. cxd5 {[%clk 01:32:12]} {[%emt 00:00:24]}
cxd4 {[%clk 01:29:33]} {[%emt 00:00:23]} 6. Qxd4 {[%clk 01:30:59]} exd5 {[%clk
01:29:54]} {[%emt 00:01:53]} 7. Bg5 {[%clk 01:30:59]} {[%emt 00:00:29]} Be7
{[%clk 01:30:01]} {[%emt 00:00:23]} 8. e3 {[%clk 01:31:22]} {[%emt 00:00:08]}
O-O {[%clk 01:29:44]} {[%emt 00:00:45]} 9. Be2 {[%clk 01:29:58]} {[%emt
00:01:55]} h6 {[%clk 01:29:43]} {[%emt 00:00:31]} 10. Bh4 {[%clk 01:30:08]}
{[%emt 00:00:20]} Be6 {[%clk 01:29:15]} {[%emt 00:00:58]} 11. O-O {[%clk
01:29:29]} {[%emt 00:01:09]} Nc6 {[%clk 01:29:33]} {[%emt 00:00:12]} 12. Qd3
{[%clk 01:29:07]} {[%emt 00:00:52]} Qb6 {[%clk 01:28:00]} {[%emt 00:02:03]} 13.
Bxf6 {[%clk 01:27:35]} {[%emt 00:02:02]} Bxf6 {[%clk 01:28:05]} {[%emt
00:00:25]} 14. Nxd5 {[%clk 01:28:00]} {[%emt 00:00:05]} Bxd5 {[%clk 01:28:13]}
{[%emt 00:00:21]} 15. Qxd5 {[%clk 01:28:22]} {[%emt 00:00:08]} Qxb2 {[%clk
01:28:26]} {[%emt 00:00:16]} 16. Bc4 {[%clk 01:28:46]} {[%emt 00:00:07]} Qa3
{[%clk 01:27:16]} {[%emt 00:01:40]} 17. Rad1 {[%clk 01:27:17]} {[%emt
00:01:59]} Na5 {[%clk 01:24:59]} {[%emt 00:02:47]} 18. Bd3 {[%clk 01:27:41]}
{[%emt 00:00:05]} g6 {[%clk 01:22:10]} {[%emt 00:03:19]} 19. Bxg6 {[%clk
01:09:12]} {[%emt 00:19:00]} Rad8 {[%clk 01:22:09]} {[%emt 00:00:31]} 20. Qf5
{[%clk 01:06:47]} {[%emt 00:02:55]} fxg6 {[%clk 01:20:26]} {[%emt 00:02:13]} 21.
Qxg6+ {[%clk 01:07:09]} {[%emt 00:00:07]} Bg7 {[%clk 01:20:49]} {[%emt
00:00:07]} 22. Qe6+ {[%clk 01:04:29]} {[%emt 00:03:11]} Kh7 {[%clk 01:21:09]}
{[%emt 00:00:09]} 23. Qe4+ {[%clk 00:57:16]} {[%emt 00:07:43]} Kg8 {[%clk
01:21:18]} {[%emt 00:00:21]} 24. Qe6+ {[%clk 00:57:40]} {[%emt 00:00:07]} Kh7
{[%clk 01:21:43]} {[%emt 00:00:04]} 25. Qe4+ {[%clk 00:58:03]} {[%emt
00:00:07]} Kg8 {[%clk 01:22:08]} {[%emt 00:00:05]} 26. Qe6+ {[%clk 00:56:39]}
1/2-1/2

[Event "FIDE World Cup 2025"]
[Site "Goa, India"]
[Date "2025.11.01"]
[Round "1.39"]
[White "Maksimovic, Bojan"]
[Black "Can, Emre"]
[Result "1/2-1/2"]
[TimeControl ": 90 minutes for the first 40 moves, followed by 30 minutes for the rest of the gamewith an increment of 30 seconds per move starting from move 1"]
[WhiteFideId "14408120"]
[BlackFideId "6302181"]
[WhiteElo "2532"]
[BlackElo "2552"]

1. c4 {[%clk 01:30:45]} {[%emt 00:00:14]} c5 {[%clk 01:30:33]} {[%emt
00:00:28]} 2. Nf3 {[%clk 01:29:51]} {[%emt 00:01:24]} g6 {[%clk 01:30:45]}
{[%emt 00:00:18]} 3. g3 {[%clk 01:29:02]} {[%emt 00:01:19]} Bg7 {[%clk
01:30:58]} {[%emt 00:00:17]} 4. Bg2 {[%clk 01:29:20]} {[%emt 00:00:12]} Nc6
{[%clk 01:30:37]} {[%emt 00:00:52]} 5. Nc3 {[%clk 01:29:23]} {[%emt 00:00:27]}
d6 {[%clk 01:30:17]} {[%emt 00:00:49]} 6. O-O {[%clk 01:28:59]} {[%emt
00:00:55]} Bf5 {[%clk 01:30:03]} {[%emt 00:00:45]} 7. h3 {[%clk 01:25:13]}
{[%emt 00:04:15]} e5 {[%clk 01:30:13]} {[%emt 00:00:20]} 8. d3 {[%clk
01:25:01]} {[%emt 00:00:42]} Nge7 {[%clk 01:30:17]} {[%emt 00:00:26]} 9. a3
{[%clk 01:24:25]} {[%emt 00:01:06]} a5 {[%clk 01:29:19]} {[%emt 00:01:28]} 10.
Rb1 {[%clk 01:18:09]} {[%emt 00:06:46]} O-O {[%clk 01:27:03]} {[%emt 00:02:46]}
11. b3 {[%clk 01:17:56]} {[%emt 00:00:43]} h6 {[%clk 01:21:56]} {[%emt
00:05:37]} 12. Nd2 {[%clk 01:15:41]} {[%emt 00:02:45]} Be6 {[%clk 01:19:39]}
{[%emt 00:02:47]} 13. Nd5 {[%clk 01:15:25]} {[%emt 00:00:47]} Rb8 {[%clk
00:58:28]} {[%emt 00:21:40]} 14. Bb2 {[%clk 01:14:20]} {[%emt 00:01:35]} b5
{[%clk 00:57:53]} {[%emt 00:01:05]} 15. Kh2 {[%clk 01:02:30]} {[%emt 00:12:20]}
Bc8 {[%clk 00:40:51]} {[%emt 00:17:33]} 16. Nc3 {[%clk 00:46:33]} {[%emt
00:16:27]} b4 {[%clk 00:37:54]} {[%emt 00:03:27]} 17. Nd5 {[%clk 00:45:51]}
{[%emt 00:01:12]} bxa3 {[%clk 00:36:36]} {[%emt 00:01:49]} 18. Bxa3 {[%clk
00:44:36]} {[%emt 00:01:44]} Nb4 {[%clk 00:36:55]} {[%emt 00:00:11]} 19. Nxe7+
{[%clk 00:34:19]} {[%emt 00:10:47]} Qxe7 {[%clk 00:37:04]} {[%emt 00:00:21]} 20.
Ne4 {[%clk 00:34:45]} {[%emt 00:00:04]} Bb7 {[%clk 00:22:17]} {[%emt 00:15:17]}
21. Nc3 {[%clk 00:33:06]} {[%emt 00:02:09]} Bxg2 {[%clk 00:22:40]} {[%emt
00:00:08]} 22. Kxg2 {[%clk 00:33:33]} {[%emt 00:00:03]} Nc6 {[%clk 00:23:01]}
{[%emt 00:00:09]} 23. Bc1 {[%clk 00:21:45]} {[%emt 00:12:18]} Rb7 {[%clk
00:22:36]} {[%emt 00:00:55]} 24. Nd5 {[%clk 00:17:43]} {[%emt 00:04:32]} Qe6
{[%clk 00:23:00]} {[%emt 00:00:07]} 25. Ra1 {[%clk 00:17:09]} {[%emt 00:01:04]}
e4 {[%clk 00:18:36]} {[%emt 00:04:54]} 26. Ra3 {[%clk 00:16:13]} {[%emt
00:01:26]} Rfb8 {[%clk 00:18:23]} {[%emt 00:00:43]} 27. e3 {[%clk 00:14:22]}
{[%emt 00:02:21]} Qf5 {[%clk 00:12:25]} {[%emt 00:06:28]} 28. f3 {[%clk
00:08:48]} {[%emt 00:06:05]} exd3 {[%clk 00:11:04]} {[%emt 00:01:50]} 29. g4
{[%clk 00:09:15]} {[%emt 00:00:04]} Qe6 {[%clk 00:04:08]} {[%emt 00:07:26]} 30.
Qxd3 {[%clk 00:09:39]} {[%emt 00:00:05]} Ne5 {[%clk 00:04:01]} {[%emt
00:00:37]} 31. Qc2 {[%clk 00:08:34]} {[%emt 00:01:35]} Nc6 {[%clk 00:03:52]}
{[%emt 00:00:39]} 32. Rf2 {[%clk 00:08:18]} {[%emt 00:00:45]} Nb4 {[%clk
00:02:30]} {[%emt 00:01:53]} 33. Nxb4 {[%clk 00:08:16]} {[%emt 00:00:32]} axb4
{[%clk 00:02:54]} {[%emt 00:00:06]} 34. Ra6 {[%clk 00:06:00]} {[%emt 00:02:45]}
Rb6 {[%clk 00:03:20]} {[%emt 00:00:05]} 35. Ra5 {[%clk 00:05:59]} {[%emt
00:00:31]} Rd8 {[%clk 00:02:42]} {[%emt 00:01:07]} 36. Qd3 {[%clk 00:05:42]}
{[%emt 00:00:48]} Rbb8 {[%clk 00:02:36]} {[%emt 00:00:36]} 37. e4 {[%clk
00:02:17]} {[%emt 00:03:56]} Ra8 {[%clk 00:02:54]} {[%emt 00:00:11]} 38. Rfa2
{[%clk 00:01:19]} {[%emt 00:01:28]} Rxa5 {[%clk 00:03:18]} {[%emt 00:00:06]} 39.
Rxa5 {[%clk 00:01:44]} {[%emt 00:00:05]} Qe5 {[%clk 00:03:31]} {[%emt
00:00:16]} 40. Ra2 {[%clk 00:01:42]} {[%emt 00:00:32]} Qc3 {[%clk 00:03:11]}
{[%emt 00:00:51]} 41. Qd1 {[%clk 00:26:58]} {[%emt 00:05:14]} Qe5 {[%clk
00:28:46]} {[%emt 00:04:53]} 42. Be3 {[%clk 00:21:59]} {[%emt 00:05:29]} g5
{[%clk 00:21:32]} {[%emt 00:07:45]} 43. Bf2 {[%clk 00:19:36]} {[%emt 00:02:53]}
Qf4 {[%clk 00:15:19]} {[%emt 00:06:42]} 44. Bg3 {[%clk 00:16:21]} {[%emt
00:03:47]} Qe3 {[%clk 00:15:38]} {[%emt 00:00:11]} 45. Re2 {[%clk 00:14:36]}
{[%emt 00:02:15]} Qd4 {[%clk 00:14:05]} {[%emt 00:02:02]} 46. Qxd4 {[%clk
00:09:27]} {[%emt 00:05:40]} Bxd4 {[%clk 00:14:28]} {[%emt 00:00:07]} 47. Ra2
{[%clk 00:09:53]} {[%emt 00:00:04]} Kf8 {[%clk 00:13:02]} {[%emt 00:01:54]} 48.
f4 {[%clk 00:09:37]} {[%emt 00:00:48]} Ke7 {[%clk 00:12:41]} {[%emt 00:00:49]}
49. Kf3 {[%clk 00:09:38]} {[%emt 00:00:31]} Ke6 {[%clk 00:09:55]} {[%emt
00:03:16]} 50. Ra6 {[%clk 00:07:43]} {[%emt 00:02:26]} gxf4 {[%clk 00:10:17]}
{[%emt 00:00:09]} 51. Bxf4 {[%clk 00:08:08]} {[%emt 00:00:05]} Be5 {[%clk
00:10:38]} {[%emt 00:00:09]} 52. Be3 {[%clk 00:06:43]} {[%emt 00:01:55]} Ke7
{[%clk 00:08:58]} {[%emt 00:02:09]} 53. Bxh6 {[%clk 00:01:17]} {[%emt
00:05:57]} Rh8 {[%clk 00:09:21]} {[%emt 00:00:07]} 54. g5 {[%clk 00:01:46]}
{[%emt 00:00:02]} Ke6 {[%clk 00:08:48]} {[%emt 00:01:02]} 55. Kg4 {[%clk
00:01:59]} {[%emt 00:00:17]} Bd4 {[%clk 00:08:20]} {[%emt 00:00:58]} 56. h4
{[%clk 00:02:20]} {[%emt 00:00:10]} Be5 {[%clk 00:07:11]} {[%emt 00:01:38]} 57.
Ra7 {[%clk 00:02:36]} {[%emt 00:00:15]} Bd4 {[%clk 00:07:10]} {[%emt 00:00:32]}
58. Ra2 {[%clk 00:02:03]} {[%emt 00:01:02]} Rg8 {[%clk 00:05:19]} {[%emt
00:02:21]} 59. Ra6 {[%clk 00:01:26]} {[%emt 00:01:07]} Ke5 {[%clk 00:05:12]}
{[%emt 00:00:36]} 60. Kf3 {[%clk 00:01:44]} {[%emt 00:00:13]} Ke6 {[%clk
00:05:16]} {[%emt 00:00:25]} 61. Ra2 {[%clk 00:01:22]} {[%emt 00:00:53]} Bc3
{[%clk 00:04:30]} {[%emt 00:01:15]} 62. h5 {[%clk 00:01:10]} {[%emt 00:00:43]}
Rh8 {[%clk 00:04:21]} {[%emt 00:00:39]} 63. Rg2 {[%clk 00:00:55]} {[%emt
00:00:46]} Be5 {[%clk 00:04:17]} {[%emt 00:00:34]} 64. Kg4 {[%clk 00:01:12]}
{[%emt 00:00:13]} Bc3 {[%clk 00:04:06]} {[%emt 00:00:41]} 65. Rg3 {[%clk
00:01:21]} {[%emt 00:00:21]} Be5 {[%clk 00:04:10]} {[%emt 00:00:26]} 66. Rf3
{[%clk 00:01:13]} {[%emt 00:00:38]} Bc3 {[%clk 00:03:44]} {[%emt 00:00:56]} 67.
Rf5 {[%clk 00:01:32]} {[%emt 00:00:11]} Bd4 {[%clk 00:02:53]} {[%emt 00:01:19]}
68. e5 {[%clk 00:00:44]} {[%emt 00:01:20]} Bxe5 {[%clk 00:02:23]} {[%emt
00:01:01]} 69. Rxe5+ {[%clk 00:01:04]} {[%emt 00:00:10]} dxe5 {[%clk 00:02:46]}
{[%emt 00:00:06]} 70. Bg7 {[%clk 00:01:30]} {[%emt 00:00:03]} Rd8 {[%clk
00:02:42]} {[%emt 00:00:34]} 71. h6 {[%clk 00:01:05]} {[%emt 00:00:55]} Rd4+
{[%clk 00:02:57]} {[%emt 00:00:15]} 72. Kg3 {[%clk 00:01:28]} {[%emt 00:00:07]}
Rd3+ {[%clk 00:03:12]} {[%emt 00:00:15]} 73. Kg4 {[%clk 00:01:37]} {[%emt
00:00:21]} Rd4+ {[%clk 00:03:28]} {[%emt 00:00:15]} 74. Kg3 {[%clk 00:02:03]}
{[%emt 00:00:04]} Rd3+ {[%clk 00:03:53]} {[%emt 00:00:04]} 75. Kg4 {[%clk
00:02:30]} {[%emt 00:00:04]} 1/2-1/2

[Event "FIDE World Cup 2025"]
[Site "Goa, India"]
[Date "2025.11.01"]
[Round "1.40"]
[White "Subelj, Jan"]
[Black "Kuybokarov, Temur"]
[Result "1/2-1/2"]
[TimeControl ": 90 minutes for the first 40 moves, followed by 30 minutes for the rest of the gamewith an increment of 30 seconds per move starting from move 1"]
[WhiteFideId "14618583"]
[BlackFideId "14203049"]
[WhiteElo "2545"]
[BlackElo "2535"]

1. Nf3 {[%clk 01:30:43]} {[%emt 00:00:16]} d5 {[%clk 01:30:34]} {[%emt
00:00:27]} 2. g3 {[%clk 01:30:44]} {[%emt 00:00:27]} Nc6 {[%clk 01:29:51]}
{[%emt 00:01:15]} 3. d4 {[%clk 01:30:20]} {[%emt 00:00:53]} Bf5 {[%clk
01:30:00]} {[%emt 00:00:21]} 4. Bg2 {[%clk 01:30:06]} {[%emt 00:00:43]} e6
{[%clk 01:29:50]} {[%emt 00:00:41]} 5. O-O {[%clk 01:29:46]} {[%emt 00:00:50]}
Nb4 {[%clk 01:29:48]} {[%emt 00:00:33]} 6. Na3 {[%clk 01:29:19]} {[%emt
00:00:56]} h6 {[%clk 01:27:44]} {[%emt 00:02:34]} 7. Ne5 {[%clk 01:16:16]}
{[%emt 00:13:33]} Bd6 {[%clk 01:19:55]} {[%emt 00:08:20]} 8. c3 {[%clk
01:11:33]} {[%emt 00:05:12]} Bxe5 {[%clk 01:17:07]} {[%emt 00:03:19]} 9. dxe5
{[%clk 01:10:43]} {[%emt 00:01:19]} Nc6 {[%clk 01:17:24]} {[%emt 00:00:13]} 10.
c4 {[%clk 01:08:26]} {[%emt 00:02:47]} Nge7 {[%clk 01:12:35]} {[%emt 00:05:19]}
11. cxd5 {[%clk 01:00:32]} {[%emt 00:08:25]} exd5 {[%clk 01:06:14]} {[%emt
00:06:52]} 12. Bf4 {[%clk 00:59:35]} {[%emt 00:01:26]} O-O {[%clk 01:00:59]}
{[%emt 00:05:45]} 13. Qa4 {[%clk 00:56:55]} {[%emt 00:03:11]} Qc8 {[%clk
00:48:48]} {[%emt 00:12:41]} 14. Rfd1 {[%clk 00:46:06]} {[%emt 00:11:17]} Rd8
{[%clk 00:45:54]} {[%emt 00:03:25]} 15. Rac1 {[%clk 00:45:14]} {[%emt
00:01:21]} Qe6 {[%clk 00:42:22]} {[%emt 00:04:04]} 16. Qb3 {[%clk 00:41:27]}
{[%emt 00:04:16]} a6 {[%clk 00:36:25]} {[%emt 00:06:28]} 17. Qxb7 {[%clk
00:31:56]} {[%emt 00:10:00]} Rab8 {[%clk 00:34:04]} {[%emt 00:02:51]} 18. Qxa6
{[%clk 00:27:14]} {[%emt 00:05:12]} Rb6 {[%clk 00:31:55]} {[%emt 00:02:40]} 19.
Qa4 {[%clk 00:27:27]} {[%emt 00:00:17]} Rb4 {[%clk 00:32:00]} {[%emt 00:00:25]}
20. Qa6 {[%clk 00:27:37]} {[%emt 00:00:19]} Rb6 {[%clk 00:32:04]} {[%emt
00:00:27]} 21. Qa4 {[%clk 00:27:49]} {[%emt 00:00:18]} Rb4 {[%clk 00:32:18]}
{[%emt 00:00:16]} 22. Qa6 {[%clk 00:28:02]} {[%emt 00:00:17]} Rb6 {[%clk
00:32:28]} {[%emt 00:00:20]} 23. Qa4 {[%clk 00:28:16]} {[%emt 00:00:16]} Rb4
{[%emt 00:02:35]} 1/2-1/2